| 000 | 00606nam a2200229Ia 4500 | ||
|---|---|---|---|
| 003 | OSt | ||
| 005 | 20221007064210.0 | ||
| 006 | a|||||r|||| 00| 0 | ||
| 007 | ta | ||
| 008 | 221006b |||||||| |||| 00| 0 eng d | ||
| 024 | _a19,037 | ||
| 037 | _cTextual | ||
| 040 |
_aFLL _cFLL _beng |
||
| 041 |
_2eng _aeng |
||
| 082 | _aZ:8821wM9, K5 | ||
| 100 |
_aDunham Allison _9684363 |
||
| 245 | 0 | _aMr. justice | |
| 260 |
_aChicago _bThe University of Chicago Press Chicago _c1965 |
||
| 300 |
_a343p _ccm. |
||
| 942 |
_hZ:8821wM9, K5 _cTEXL _2CC |
||
| 999 |
_c1133244 _d1133244 |
||